000 00250nam a2200097Ia 4500
008 190216s9999||||xx |||||||||||||| ||und||
100 _aPrasad N K
245 0 _aPre Degree Sasya Shashthra Prayoga Sahayi
260 _bKerala Bhasha Institute
942 _cBK
999 _c1246
_d1246